000 00549cam a2200205 4500
008 050225n2005 000 0 eng u
035 _a(Sirsi) u128891
100 _aGamble, B.T.
245 _aReturns that take root and grow tall
260 _c2005
490 _aEstates Gazette
_v(0504) 5 February 2005, 200(1)
590 _aABS
650 _aTIMBER
650 _aFORESTRY COMMISSION
650 _aCHINA
650 _aFORESTRY INVESTMENT SCHEMES
650 _aFORESTRY MARKET
690 _aRURAL-AGRICULTURE AND FORESTRY
942 _n0
999 _c74842
_d74842